The Bhagavadgita: (Record no. 13092)

MARC details
000 -LEADER
fixed length control field 00787nam a22002177a 4500
005 - DATE AND TIME OF LATEST TRANSACTION
control field 20080529103811.0
008 - FIXED-LENGTH DATA ELEMENTS--GENERAL INFORMATION
fixed length control field 080529t xxu||||| |||| 00| 0 eng d
010 ## - LIBRARY OF CONGRESS CONTROL NUMBER
LC control number ENG-90246
020 ## - INTERNATIONAL STANDARD BOOK NUMBER
International Standard Book Number 8183821588
Terms of availability 450.00
035 ## - SYSTEM CONTROL NUMBER
System control number EN-73779
037 ## - SOURCE OF ACQUISITION
Source of stock number/acquisition DBAD / PUB
040 ## - CATALOGING SOURCE
Original cataloging agency DPL
Language of cataloging EN
082 ## - DEWEY DECIMAL CLASSIFICATION NUMBER
Classification number 181.45
100 ## - MAIN ENTRY--PERSONAL NAME
Personal name Gandhi, M.K.
245 ## - TITLE STATEMENT
Title The Bhagavadgita:
Remainder of title a commentary /
Statement of responsibility, etc by Mahatma Gandhi
260 ## - PUBLICATION, DISTRIBUTION, ETC. (IMPRINT)
Place of publication, distribution, etc New Delhi
Name of publisher, distributor, etc Lotus Press
Date of publication, distribution, etc 2008
300 ## - PHYSICAL DESCRIPTION
Extent 328p.
Dimensions 25 cm (Hb)
490 ## - SERIES STATEMENT
Series statement India bookvarsity Lotus choices; edited by Mahendra Kulasrestha
942 ## - ADDED ENTRY ELEMENTS (KOHA)
Source of classification or shelving scheme Dewey Decimal Classification
Koha item type English Books
Classification part 181.45
Call number suffix BHA
Holdings
Withdrawn status Lost status Damaged status Not for loan Collection code Home library Current library Date acquired Source of acquisition Cost, normal purchase price Total Checkouts Full call number Barcode Date last seen Copy number Cost, replacement price Price effective from Koha item type
      Not For Loan Fiction D.B.Act.Division D.B.Act.Division 29/05/2008 DBAD / PUB 450.00   181.45 BHA EN-73779 15/09/2008 1 450.00 15/09/2008 English Books

© Delhi Public Library
Hit Counter
free hit counter